Baltisches und Heidnisches in Eduard von Keyserlings Theaterstück "Ein Frühlingsopfer"

Titel: Baltisches und Heidnisches in Eduard von Keyserlings Theaterstück "Ein Frühlingsopfer" / Benjamin Breggin
Verfasser:
In: Baltisches Welterlebnis, (2007), Seite 185-196
alle Artikel anzeigen
Veröffentlicht: 2007
Format: Aufsatz
Sprache: Deutsch
Schlagworte:
Kein Bild verfügbar
X
alg: 19502531
001A    $04504:15-02-08 
001B    $04504:29-11-13 $t11:37:26.000 
001C    $04504:15-02-08 $t09:57:14.000 
001D    $04504:15-02-08 
001U    $0utf8 
001X    $00 
002@    $0Aou 
003@    $0195025318 
007A    $0195025318 $aHEB 
010@    $ager 
011@    $a2007 
021A    $aBaltisches und Heidnisches in Eduard von Keyserlings Theaterstück "Ein Frühlingsopfer" $hBenjamin Breggin 
028A    $7 $8Breggin, Benjamin [Tnx] $9171901908 
031A    $h185-196 $j2007 
039B    $aIn $8--Aau--. Baltisches Welterlebnis. - Heidelberg : Winter, 2007. - 586 S.. - Ill.. - ISBN 978-3-8253-5376-6 $x200700000000000815 $9190652160 
044K    $#Kaizerlingas, Eduardas fon $#Keizerlings, Eduards fon $#Keyserling, Eduard v. $#Von Keyserling, Eduard $#Keyserling, E. von $#Keyserling, Johann Heinrich Eduard $#Kāyzirlīng, Idūyārd fun $#Idūyārd Grāf fun Kāyzirlīng $#Keyserling, Eduard von $7118561812 $8Keyserling, Eduard$cvon$Z1855-1918 [Tp1] $9086902849 
044M    $pKeyserling, Eduard {von  $t{Ein Frühlingsopfer 
045V    $aKeyserling, Eduard von $816.15.00$jZu einzelnen Autoren [Tkx] $9118843702 

lok: 19502531 62

exp: 19502531 62 1 #EPN
201B/01 $029-11-13 $t11:37:26.000 
201U/01 $0utf8 
203@/01 $0524882428 
206W/01 $0perSW-5 29.11.2013 11:37:26 
208@/01 $a15-02-08 $be 
209A/01 $a/ $f000 $x00 
209B/01 $a2008 $x05 
247C/01 $8Frankfurt, Bibliographie der Deutschen Sprach- und Literaturwissenschaft $9113214561 

lok: 19502531 78

exp: 19502531 78 1 #EPN
201B/01 $011-09-19 $t12:21:51.000 
201C/01 $011-09-19 
201U/01 $0utf8 
203@/01 $01059905744 
208@/01 $a11-09-19 $be 
209A/01 $a/ $f000 $x00 
209A/01 $ab*p $x01 
220C/01 $aeja 
244Z/01 $#Baltische Staaten $#Baltikum $#Baltische Staaten $#Baltische Provinzen $#Russische Ostseeprovinzen $#Baltische Republiken $#Russland, Ostseeprovinzen $74004379-4 $8--Tg1--Baltikum $x04 $9085003506 
247C/01 $82080>Marburg/Lahn, Herder-Institut, Forschungsbibliothek, Bibliographieportal $9336309341
LEADER 00000caa a2200000 c 4500
001 195025318
003 DE-603
005 20131129113726.0
007 tu
008 080215s2007 xx |||| | u00||u|ger c
035 |a (DE-599)HEB195025318 
040 |a DE-603  |b ger  |c DE-603  |d DE-603 
041 |a ger 
100 1 |a Breggin, Benjamin  |0 (DE-603)171901908 
245 0 0 |a Baltisches und Heidnisches in Eduard von Keyserlings Theaterstück "Ein Frühlingsopfer"  |c Benjamin Breggin 
264 0 |c 2007 
600 1 7 |a Keyserling, Eduard von  |d 1855-1918  |0 (DE-588)118561812  |0 (DE-603)086902849  |2 gnd 
773 0 8 |i In  |t Baltisches Welterlebnis  |d Heidelberg : Winter, 2007  |h 586 S., Ill.  |z 9783825353766  |z 3825353761  |g (2007), Seite 185-196  |w (DE-603)190652160 
924 0 |9 603  |a (DE-603)524882428  |b DE-603  |c HES  |d d 
924 0 |9 2080  |a (DE-603)1059905744  |b DE-2080  |c HES  |d d  |g /